Statistics for The Dumping Ground Main Characters

Click here to take the quiz!

General Stats

  • This quiz has been taken 718 times
  • The average score is 26 of 39

Answer Stats

ClueAnswer% Correct
Irish careworker awarded MBEMike
98%
Loves pink and fancy clothesCarmen
93%
Has a giraffe named JeffHarry
91%
Careworker with great advice and a hard stareMay-Li
89%
Neglected by brother and has a fiery temperJody
88%
Carekid born with cerebral palsyFrank
86%
Taken into care at the age of 5Tee
86%
Fun sense of humour and loves practical jokesTyler
86%
Protective towards younger sisterJohnny
85%
Loves sweets and will do anything to get her wayFloss
84%
Identical twin with name beginning with TBillie
81%
Fell off a roof and was put in a wheelchairLily
81%
Football lover with the need for speedBailey
77%
Dyed her hair blue and real name MandyElektra
77%
Pretended to be a careworker and loves runningFaith
77%
Identical twin with name beginning with BToni
77%
Autistic and needs to have facts and figuresGus
76%
Ashdene Ridge member in a wheelchairChloe
74%
Troublesome boy with another fiery temperRyan
73%
Parents in prison for scammingRick
71%
Keeps biscuits in the washing machineGina
69%
Loves pink, makeup and fluorescent clothesCandi-Rose
65%
Somali immigrant who was homelessKazima
64%
Nerdy and smart, loves to play confusing gamesMo
62%
Jumps to conclusions and a fiery temperSasha
60%
Placed in care after being homelessAlex
56%
Maltreated carekid with a speech impedimentFinn
56%
Loves her dad and tepee tentsTaz
55%
Inquisitive young man with a toy puppet that creeps some people outSid
53%
Protective of his younger brother, making sure he doesn't get into troubleBird
52%
Football lover who is disobedient and sometimes annoyingJay
52%
Responsible Ashdene Ridge resident who is good at solving problemsCharlie
51%
Male careworker that can be clumsyScott
47%
Taken into care after her uncle was doing bad dealsViv
44%
Taken into care after not being looked after by her mumKaty
40%
Fiery temper and loves animals, especially dogsBec
37%
Loves books and is camera shyJoseph
35%
Stores emergency sweets under his bedDexter
33%
Put in care after being found with no one to look after himArchie
28%

Score Distribution

Percentile by Number Answered

Percent of People with Each Score

Your Score History

You have not taken this quiz